| 000 | 01235nam a2200277 i 4500 | ||
|---|---|---|---|
| 001 | 000045414 | ||
| 003 | DO-SdBNP | ||
| 005 | 20250909135550.0 | ||
| 007 | ta | ||
| 008 | 150306s2009 dr c 000 0 spa d | ||
| 040 |
_aDO-SdBNP _bspa _cBNPHU _erda |
||
| 082 | 4 |
_a923.2 _bD812per _222 |
|
| 100 | 1 |
_aPichardo Cruz, Daniel Nicanor _eautor _973458 |
|
| 245 | 1 | 3 |
_aPerfiles biográficos de Juan Pablo Duarte, fundador de la República / _cDaniel Nicanor Pichardo Cruz. |
| 264 |
_aSanto Domingo : _bAlfa Beta,, _c2009. |
||
| 300 |
_a120 páginas : _bilustraciones. ; _c22 cm. |
||
| 336 |
_2rdacontent _atexto _btxt |
||
| 337 |
_2rdamedia _asin mediación _bn |
||
| 338 |
_2rdacarrier _avolumen _bnc |
||
| 500 | _aóleo "retrato de Juan Pablo Duarte" autor Abelardo Rodríguez Urdaneta año 1892 (pieza museográfica que se encuentra en el salón de actos del Instituto Duartiano) | ||
| 505 | _aImagen de Duarte (su rostro, figura y carácter) 1|Nacimiento y bautismo 51|Destino : idealista y patriota 61|Fallecimiento e inmortalidad 71|El día de Duarte 78|Prócer de América 83|La Cátedra Duartiana 104 | ||
| 590 | _aInventariado, 2023/DG | ||
| 600 | 1 | 0 |
_aDuarte, Juan Pablo, _d1813-1876 _91494 |
| 910 | _aDG | ||
| 942 |
_2ddc _cLBS1 |
||
| 999 |
_c54668 _d54668 |
||